| 000 | 00783nam a2200181Ia 4500 | ||
|---|---|---|---|
| 008 | 151202s9999||||xx |||||||||||||| ||und|| | ||
| 082 | _bPNVM-16691 | ||
| 100 | _aटाकी रा. शं. | ||
| 245 | _aश्रीज्ञानेश्वर महाराज अथवा सदभकित विजय. | ||
| 260 | _b"सदभकती प्र. मंडळी,ओंरी." | ||
| 260 | _c0 | ||
| 300 | _a294 | ||
| 600 | _aटाकी रा. शं. | ||
| 630 | _aश्रीज्ञानेश्वर महाराज अथवा सदभकित विजय. | ||
| 700 | _aटाकी रा. शं. | ||
| 730 | _aश्रीज्ञानेश्वर महाराज अथवा सदभकित विजय. | ||
| 942 | _cBOOK | ||
| 999 |
_c1282676 _d1282673 |
||